[Event "Titled Tuesday intern op 05th Sep Late"]
[Site "Chess.com INT"]
[Date "2023.09.05"]
[Round "2"]
[White "Chor, Kevin"]
[Black "Zozik, Salah Mohammed"]
[Result "0-1"]
[WhiteElo "1944"]
[BlackElo "2210"]
[PlyCount "42"]
[EventDate "2023.09.05"]
[EventType "swiss (blitz)"]
[EventRounds "11"]
[EventCountry "USA"]
[SourceTitle "EXT 2024"]
[Source "ChessBase"]
[SourceDate "2023.10.10"]
[SourceVersion "1"]
[SourceVersionDate "2023.10.10"]
[SourceQuality "1"]

1. d4 d5 2. c4 e6 3. Nf3 c5 4. cxd5 exd5 5. g3 Nc6 6. Bg2 Nf6 7. 0-0 Be7 8. Nc3 0-0 9. Bg5 c4 10. Ne5 Be6 11. b3 Qa5 12. Rc1 Ba3 13. Rc2 Bb4 14. Nxc6 bxc6 15. Bxf6 Bxc3 16. Qc1 gxf6 17. Rxc3 c5 18. dxc5 d4 19. Rxc4 Bxc4 20. Bxa8 Bxe2 21. Re1 d3 0-1

[Event "Titled Tuesday intern op 05th Sep Late"]
[Site "Chess.com INT"]
[Date "2023.09.05"]
[Round "5"]
[White "Zozik, Salah Mohammed"]
[Black "Elgersma, Onno"]
[Result "0-1"]
[WhiteElo "2210"]
[BlackElo "2259"]
[PlyCount "66"]
[EventDate "2023.09.05"]
[EventType "swiss (blitz)"]
[EventRounds "11"]
[EventCountry "USA"]
[SourceTitle "EXT 2024"]
[Source "ChessBase"]
[SourceDate "2023.10.10"]
[SourceVersion "1"]
[SourceVersionDate "2023.10.10"]
[SourceQuality "1"]

1. d4 g6 2. Nf3 Bg7 3. g3 d6 4. Bg2 Bf5 5. 0-0 Qc8 6. c4 Nf6 7. Nc3 Ne4 8. Qb3 0-0 9. Nh4 Nxc3 10. bxc3 Nc6 11. Nxf5 gxf5 12. Qc2 e6 13. e4 fxe4 14. Bxe4 f5 15. Bg2 Qd7 16. Re1 Rae8 17. Rb1 Na5 18. Qd3 b6 19. Ba3 Qa4 20. Bb4 Qxa2 21. Bxa5 Qxa5 22. Rxe6 Rxe6 23. Bd5 f4 24. Bxe6+ Kh8 25. Bd5 Qa2 26. f3 c5 27. Re1 cxd4 28. cxd4 Qb2 29. Re4 a5 30. gxf4 a4 31. f5 a3 32. f6 Bxf6 33. Re2 Bxd4+ 0-1

[Event "Titled Tuesday intern op 06th Jun Early"]
[Site "Chess.com INT"]
[Date "2023.06.06"]
[Round "2"]
[White "Begmuratov, Alisher"]
[Black "Zozik, Salah Mohammed"]
[Result "1-0"]
[WhiteElo "2395"]
[BlackElo "2210"]
[PlyCount "41"]
[EventDate "2023.06.06"]
[EventType "swiss (blitz)"]
[EventRounds "11"]
[EventCountry "USA"]
[SourceTitle "EXT 2024"]
[Source "ChessBase"]
[SourceDate "2023.10.10"]
[SourceVersion "1"]
[SourceVersionDate "2023.10.10"]
[SourceQuality "1"]

1. e4 e6 2. d4 d5 3. e5 c5 4. c3 Nc6 5. Nf3 Qb6 6. a3 Bd7 7. b4 cxd4 8. cxd4 Rc8 9. Bb2 a5 10. b5 Na7 11. a4 Bb4+ 12. Nbd2 Ne7 13. Bd3 h6 14. 0-0 0-0 15. Nb3 Rc7 16. Nc5 Bxc5 17. dxc5 Rxc5 18. Bd4 Qc7 19. Qb3 b6 20. Bxc5 Qxc5 21. Rfc1 1-0

[Event "Titled Tuesday intern op 16th May Early"]
[Site "Chess.com INT"]
[Date "2023.05.16"]
[Round "1"]
[White "Zozik, Salah Mohammed"]
[Black "Rastbod, Ali"]
[Result "0-1"]
[WhiteElo "2210"]
[BlackElo "2318"]
[PlyCount "130"]
[EventDate "2023.05.16"]
[EventType "swiss (blitz)"]
[EventRounds "11"]
[EventCountry "USA"]
[SourceTitle "CBM 214 Extra"]
[Source "ChessBase"]
[SourceDate "2023.07.31"]
[SourceVersion "1"]
[SourceVersionDate "2023.07.31"]
[SourceQuality "1"]

1. d4 d5 2. Nf3 Nf6 3. g3 c6 4. Bg2 Bf5 5. 0-0 e6 6. c4 h6 7. Nc3 Be7 8. Nd2 0-0 9. e4 dxe4 10. Ndxe4 Nbd7 11. b3 Qb6 12. Bb2 Rfd8 13. Qe2 Nxe4 14. Nxe4 Nf6 15. Rfd1 Nxe4 16. Bxe4 Bxe4 17. Qxe4 Bf6 18. Rd2 Rd7 19. Rad1 Rad8 20. Kg2 Qa5 21. a3 c5 22. h4 h5 23. Qe3 cxd4 24. Bxd4 Bxd4 25. Rxd4 Rxd4 26. Rxd4 Rxd4 27. Qxd4 Qxa3 28. Qd8+ Kh7 29. Qd7 Qxb3 30. Qxf7 Kh6 31. Qxe6+ g6 32. Qg8 Qc3 33. Qf8+ Qg7 34. Qf4+ Kh7 35. c5 Qd7 36. Qd6 Qc6+ 37. Kh2 a6 38. Qe7+ Kg8 39. Qd8+ Kf7 40. Qd4 Ke6 41. f4 Qd5 42. Qe3+ Kd7 43. Qc3 Qe6 44. Qd4+ Kc6 45. Qb4 Qe2+ 46. Kh3 Qf1+ 47. Kh2 Qf2+ 48. Kh3 Qxc5 49. Qe4+ Qd5 50. Qxg6+ Kc5 51. Qc2+ Kb4 52. Qb2+ Ka4 53. Qa1+ Kb5 54. Qb2+ Kc6 55. Qc3+ Kd7 56. Qg7+ Kc8 57. Qc3+ Kb8 58. Kh2 b5 59. Qh8+ Ka7 60. Qh7+ Kb6 61. f5 Qd2+ 62. Kh3 Qe2 63. Qg6+ Ka5 64. f6 Qf3 65. f7 Qh1# 0-1

[Event "Titled Tuesday intern op 28th Feb Early"]
[Site "Chess.com INT"]
[Date "2023.02.28"]
[Round "6"]
[White "Odegov, Artem"]
[Black "Zozik, Salah Mohammed"]
[Result "1-0"]
[WhiteElo "2286"]
[BlackElo "2210"]
[PlyCount "41"]
[EventDate "2023.02.28"]
[EventType "swiss (blitz)"]
[EventRounds "11"]
[EventCountry "USA"]
[SourceTitle "CBM 213 Extra"]
[Source "ChessBase"]
[SourceDate "2023.05.31"]
[SourceVersion "1"]
[SourceVersionDate "2023.05.31"]
[SourceQuality "1"]

1. d4 Nf6 2. c4 g6 3. Nc3 d5 4. cxd5 Nxd5 5. e4 Nxc3 6. bxc3 Bg7 7. Bc4 0-0 8. Ne2 c5 9. 0-0 Nc6 10. Be3 cxd4 11. cxd4 Bd7 12. Qd2 Rc8 13. Rfc1 a6 14. a4 Na5 15. Ba2 Bxa4 16. Rxc8 Qxc8 17. Qxa5 Bb5 18. Rc1 Bxe2 19. Rxc8 Rxc8 20. h3 e6 21. Qb6 1-0

[Event "Titled Tuesday intern op 28th Feb Early"]
[Site "Chess.com INT"]
[Date "2023.02.28"]
[Round "5"]
[White "Zozik, Salah Mohammed"]
[Black "Fabris, Alberto"]
[Result "1/2-1/2"]
[WhiteElo "2210"]
[BlackElo "2230"]
[PlyCount "185"]
[EventDate "2023.02.28"]
[EventType "swiss (blitz)"]
[EventRounds "11"]
[EventCountry "USA"]
[SourceTitle "CBM 213 Extra"]
[Source "ChessBase"]
[SourceDate "2023.05.31"]
[SourceVersion "1"]
[SourceVersionDate "2023.05.31"]
[SourceQuality "1"]

1. d4 Nf6 2. Nf3 e6 3. g3 b6 4. Bg2 Bb7 5. 0-0 Be7 6. c4 0-0 7. Nc3 d5 8. Bf4 Nbd7 9. Rc1 c5 10. cxd5 Nxd5 11. Nxd5 Bxd5 12. Ne5 Bxg2 13. Kxg2 Nxe5 14. Bxe5 cxd4 15. Bxd4 Bf6 16. Bxf6 Qxf6 17. Qb3 Rac8 18. Rfd1 Rfd8 19. Rxc8 Rxc8 20. Qd3 h6 21. b4 Qe5 22. Rd2 Qc3 23. b5 Qxd3 24. Rxd3 Rc5 25. a4 Rc7 26. Rd8+ Kh7 27. Ra8 Kg6 28. e4 e5 29. f4 exf4 30. gxf4 Kf6 31. Kf3 g5 32. Ke3 gxf4+ 33. Kxf4 Ke6 34. Rh8 Rc4 35. Rxh6+ f6 36. Rh7 Rxa4 37. h4 Ra5 38. Rc7 Rxb5 39. Rxa7 Rb1 40. Rb7 Rf1+ 41. Ke3 Rb1 42. h5 Re1+ 43. Kd3 Rd1+ 44. Ke2 Rh1 45. Rxb6+ Ke5 46. Kf3 Rh3+ 47. Kg4 Rh1 48. Rb4 Rg1+ 49. Kf3 Rh1 50. Rb5+ Ke6 51. Rf5 Rh3+ 52. Kf4 Rh4+ 53. Ke3 Rh3+ 54. Kd4 Rh1 55. Ra5 Rd1+ 56. Ke3 Re1+ 57. Kf3 Rf1+ 58. Ke2 Rh1 59. Kf2 Rh2+ 60. Kg3 Rh1 61. Kg2 Rh4 62. Kf3 Rh3+ 63. Kg4 Rh1 64. Ra6+ Ke5 65. Ra4 Rg1+ 66. Kf3 Rh1 67. Ke2 Kf4 68. Kd3 Rxh5 69. Ra6 Rh3+ 70. Kd4 Kg5 71. Ra5+ Kg6 72. Ra2 Rh4 73. Kd5 Rh5+ 74. Kd6 Re5 75. Re2 Kg5 76. Rg2+ Kf4 77. Rf2+ Kxe4 78. Rxf6 Rf5 79. Re6+ Kf4 80. Rh6 Rg5 81. Ke6 Ke4 82. Rh4+ Kf3 83. Kf6 Rg4 84. Rh5 Kf4 85. Rf5+ Ke4 86. Ra5 Ke3 87. Kf5 Rb4 88. Ra3+ Kd4 89. Kf4 Kd5+ 90. Kf5 Kd4 91. Rf3 Kd5 92. Rf4 Rxf4+ 93. Kxf4 1/2-1/2

[Event "Titled Tuesday intern op 28th Feb Early"]
[Site "Chess.com INT"]
[Date "2023.02.28"]
[Round "1"]
[White "Zozik, Salah Mohammed"]
[Black "Samunenkov, Igor"]
[Result "0-1"]
[WhiteElo "2210"]
[BlackElo "2485"]
[PlyCount "32"]
[EventDate "2023.02.28"]
[EventType "swiss (blitz)"]
[EventRounds "11"]
[EventCountry "USA"]
[SourceTitle "CBM 213 Extra"]
[Source "ChessBase"]
[SourceDate "2023.05.31"]
[SourceVersion "1"]
[SourceVersionDate "2023.05.31"]
[SourceQuality "1"]

1. d4 d5 2. Nf3 e6 3. g3 c5 4. Bg2 cxd4 5. Nxd4 e5 6. Nb3 Be6 7. 0-0 Nc6 8. e4 Nf6 9. Nc3 d4 10. Na4 Bc4 11. Re1 Bxb3 12. cxb3 b5 13. Qc2 Rc8 14. Nc5 Nb4 15. Qe2 Bxc5 16. Qxb5+ Qd7 0-1

[Event "Titled Tuesday intern op 07th Feb Early"]
[Site "Chess.com INT"]
[Date "2023.02.07"]
[Round "3"]
[White "Zozik, Salah Mohammed"]
[Black "Nigmatov, Ortik"]
[Result "0-1"]
[WhiteElo "2210"]
[BlackElo "2473"]
[PlyCount "72"]
[EventDate "2023.02.07"]
[EventType "swiss (blitz)"]
[EventRounds "11"]
[EventCountry "USA"]
[SourceTitle "EXT 2024"]
[Source "ChessBase"]
[SourceDate "2023.10.10"]
[SourceVersion "1"]
[SourceVersionDate "2023.10.10"]
[SourceQuality "1"]

1. d4 Nf6 2. Nf3 g6 3. g3 Bg7 4. Bg2 0-0 5. 0-0 d6 6. b3 c5 7. Bb2 cxd4 8. Nxd4 d5 9. c4 dxc4 10. bxc4 Qa5 11. Nd2 Rd8 12. N2b3 Qc7 13. Nb5 Qb6 14. Bd4 Rxd4 15. Qxd4 Nc6 16. Qxb6 axb6 17. Rad1 Bg4 18. Rd2 Rc8 19. Rfd1 Bh6 20. f4 Bf8 21. h3 Be6 22. Bd5 Bxh3 23. e4 Bg4 24. Rb1 Nb4 25. Bxb7 Rxc4 26. Rd8 Nxa2 27. Ra1 Rc2 28. N3d4 Rb2 29. Nc6 Kg7 30. Nbd4 Nh5 31. Ra8 Nc3 32. R8a3 Nxe4 33. Nd8 Nhxg3 34. Rb3 Rd2 35. Nb5 e6 36. Bxe4 Bc5+ 0-1

[Event "Titled Tuesday intern op 07th Feb Late"]
[Site "Chess.com INT"]
[Date "2023.02.07"]
[Round "3"]
[White "Zozik, Salah Mohammed"]
[Black "Tarhan, Adar"]
[Result "1-0"]
[WhiteElo "2210"]
[BlackElo "2296"]
[PlyCount "59"]
[EventDate "2023.02.07"]
[EventType "swiss (blitz)"]
[EventRounds "11"]
[EventCountry "USA"]
[SourceTitle "EXT 2024"]
[Source "ChessBase"]
[SourceDate "2023.10.10"]
[SourceVersion "1"]
[SourceVersionDate "2023.10.10"]
[SourceQuality "1"]

1. d4 Nf6 2. Nf3 d5 3. g3 c6 4. Bg2 Bg4 5. 0-0 Bxf3 6. Bxf3 e6 7. Nd2 h5 8. e4 h4 9. e5 Nfd7 10. c4 hxg3 11. fxg3 Qb6 12. c5 Bxc5 13. dxc5 Qxc5+ 14. Kg2 Nxe5 15. Nb3 Qd6 16. Bf4 Nbd7 17. Qe2 0-0-0 18. Rae1 f6 19. Nd4 g5 20. Bd2 Nc5 21. Bc3 Rh6 22. Bg4 Rdh8 23. Rh1 Ncd3 24. Ref1 f5 25. Bxf5 exf5 26. Nxf5 Qe6 27. Nxh6 Qxh6 28. Bxe5 Qh3+ 29. Kg1 Qe6 30. Qxd3 1-0

[Event "Titled Tuesday intern op 03rd Jan Early"]
[Site "Chess.com INT"]
[Date "2023.01.03"]
[Round "4"]
[White "Sourath, Biswas"]
[Black "Zozik, Salah Mohammed"]
[Result "1-0"]
[WhiteElo "2264"]
[BlackElo "2210"]
[PlyCount "41"]
[EventDate "2023.01.03"]
[EventType "swiss (blitz)"]
[EventRounds "11"]
[EventCountry "USA"]
[SourceTitle "EXT 2024"]
[Source "ChessBase"]
[SourceDate "2023.10.10"]
[SourceVersion "1"]
[SourceVersionDate "2023.10.10"]
[SourceQuality "1"]

1. d4 Nf6 2. Bf4 d5 3. e3 c5 4. Nf3 Nc6 5. Nbd2 e6 6. c3 Bd6 7. Bg3 0-0 8. Bd3 Re8 9. Ne5 Qc7 10. f4 cxd4 11. exd4 Bd7 12. Qe2 a6 13. 0-0 b5 14. a3 Na5 15. Bh4 Be7 16. Bxf6 Bxf6 17. Bxh7+ Kxh7 18. Qh5+ Kg8 19. Qxf7+ Kh8 20. Rf3 Bxe5 21. Rh3# 1-0

[Event "Titled Tuesday intern op 03rd Jan Early"]
[Site "Chess.com INT"]
[Date "2023.01.03"]
[Round "9"]
[White "Zozik, Salah Mohammed"]
[Black "Agasarov, Benik"]
[Result "0-1"]
[WhiteElo "2210"]
[BlackElo "2249"]
[PlyCount "88"]
[EventDate "2023.01.03"]
[EventType "swiss (blitz)"]
[EventRounds "11"]
[EventCountry "USA"]
[SourceTitle "EXT 2024"]
[Source "ChessBase"]
[SourceDate "2023.10.10"]
[SourceVersion "1"]
[SourceVersionDate "2023.10.10"]
[SourceQuality "1"]

1. d4 d5 2. c4 e6 3. Nf3 Nf6 4. g3 Bb4+ 5. Bd2 a5 6. Bg2 0-0 7. 0-0 dxc4 8. Bg5 b5 9. a3 Be7 10. Nc3 c6 11. Ne5 Ra6 12. e3 h6 13. Bxf6 Bxf6 14. Qe2 Qc7 15. f4 Bb7 16. Ne4 Be7 17. a4 Nd7 18. Rac1 Rb6 19. b3 cxb3 20. axb5 Nxe5 21. fxe5 Qd7 22. bxc6 Bxc6 23. Qg4 Bxe4 24. Bxe4 b2 25. Rb1 a4 26. Bc2 Qc6 27. Qe2 a3 28. Qd3 g6 29. Bb3 Qb5 30. Qxb5 Rxb5 31. Ba2 Rc8 32. Rfd1 Rc3 33. e4 Re3 34. d5 Rxe4 35. d6 Bd8 36. d7 Rbxe5 37. Rd3 Re1+ 38. Kf2 Rxb1 39. Bxb1 Ra5 40. Ba2 b1Q 41. Bxb1 a2 42. Bxa2 Rxa2+ 43. Kf3 Kf8 44. h4 Ke7 0-1

[Event "Titled Tuesday intern op 03rd Jan Early"]
[Site "Chess.com INT"]
[Date "2023.01.03"]
[Round "2"]
[White "Zozik, Salah Mohammed"]
[Black "Kaasen, Tor Fredrik"]
[Result "1/2-1/2"]
[WhiteElo "2210"]
[BlackElo "2459"]
[PlyCount "127"]
[EventDate "2023.01.03"]
[EventType "swiss (blitz)"]
[EventRounds "11"]
[EventCountry "USA"]
[SourceTitle "EXT 2024"]
[Source "ChessBase"]
[SourceDate "2023.10.10"]
[SourceVersion "1"]
[SourceVersionDate "2023.10.10"]
[SourceQuality "1"]

1. d4 Nf6 2. Nf3 g6 3. g3 Bg7 4. Bg2 0-0 5. 0-0 d6 6. c4 Nc6 7. Nc3 e5 8. Qd3 exd4 9. Nxd4 Nxd4 10. Qxd4 Be6 11. Qd3 Nd7 12. b3 Nc5 13. Qd2 a5 14. Bb2 a4 15. Nxa4 Nxa4 16. Bxg7 Kxg7 17. bxa4 Rxa4 18. Bxb7 Qf6 19. Bd5 Bxd5 20. cxd5 Rfa8 21. Qc2 R8a7 22. Rfc1 h5 23. Qc3 Rd4 24. Qe3 h4 25. a4 Qe5 26. a5 Qxe3 27. fxe3 Rxd5 28. a6 hxg3 29. hxg3 Rd2 30. Kf2 Rb2 31. Rc6 Kf6 32. Rxc7 Rxc7 33. a7 Rc8 34. a8Q Rxa8 35. Rxa8 Rb5 36. Ra6 Rf5+ 37. Kg2 Ke6 38. Ra4 Re5 39. Kf3 f5 40. e4 Rc5 41. exf5+ gxf5 42. e3 Ke5 43. Rh4 Rc3 44. Rh8 d5 45. Re8+ Kf6 46. Rd8 Ke6 47. Re8+ Kd7 48. Rf8 Ke6 49. Re8+ Kf6 50. Rd8 Rd3 51. Kf4 Rd1 52. Rd6+ Ke7 53. Ke5 Re1 54. Rxd5 Rxe3+ 55. Kxf5 Rxg3 56. Ra5 Rg1 57. Ra2 Kd6 58. Rb2 Rf1+ 59. Ke4 Re1+ 60. Kd3 Re5 61. Kc2 Rc5+ 62. Kb3 Kc6 63. Rc2 Rxc2 64. Kxc2 1/2-1/2

[Event "Titled Tuesday intern op 27th Dec Early"]
[Site "Chess.com INT"]
[Date "2022.12.27"]
[Round "6"]
[White "Ezat, Mohamed Mahmoud"]
[Black "Zozik, Salah Mohammed"]
[Result "0-1"]
[WhiteElo "2395"]
[BlackElo "2191"]
[PlyCount "68"]
[EventDate "2022.12.27"]
[EventType "swiss (blitz)"]
[EventRounds "11"]
[EventCountry "USA"]
[SourceTitle "EXT 2024"]
[Source "ChessBase"]
[SourceDate "2023.10.10"]
[SourceVersion "1"]
[SourceVersionDate "2023.10.10"]
[SourceQuality "1"]

1. d4 Nf6 2. c4 e5 3. dxe5 Ng4 4. Bf4 Nc6 5. Nf3 Bb4+ 6. Nbd2 f6 7. exf6 Qxf6 8. e3 Qxb2 9. Be2 d6 10. 0-0 0-0 11. Rb1 Qf6 12. Ne4 Qe7 13. Ng3 Bc5 14. Nd4 Nce5 15. h3 Nf6 16. Ndf5 Qe8 17. Nd4 a6 18. Nb3 Ba7 19. c5 dxc5 20. Rc1 b6 21. Bf3 Rb8 22. Bd5+ Kh8 23. e4 Ng6 24. Be3 Be6 25. Bxe6 Qxe6 26. Qe2 Nxe4 27. Nxe4 Qxe4 28. Qxa6 Ra8 29. Rcd1 c4 30. Nd4 Nh4 31. Nf3 Rxf3 32. gxf3 Nxf3+ 33. Kg2 Nh4+ 34. Kg3 Rf8 0-1

[Event "Titled Tuesday intern op 27th Dec Early"]
[Site "Chess.com INT"]
[Date "2022.12.27"]
[Round "4"]
[White "Mendez Fortes, Eduardo Jesus"]
[Black "Zozik, Salah Mohammed"]
[Result "1-0"]
[WhiteElo "2250"]
[BlackElo "2191"]
[PlyCount "53"]
[EventDate "2022.12.27"]
[EventType "swiss (blitz)"]
[EventRounds "11"]
[EventCountry "USA"]
[SourceTitle "EXT 2024"]
[Source "ChessBase"]
[SourceDate "2023.10.10"]
[SourceVersion "1"]
[SourceVersionDate "2023.10.10"]
[SourceQuality "1"]

1. e4 c5 2. Nf3 d6 3. d4 cxd4 4. Nxd4 Nf6 5. Nc3 a6 6. Bg5 e6 7. f4 Qb6 8. Qd3 Qxb2 9. Rb1 Qa3 10. f5 Nc6 11. fxe6 Bxe6 12. Nxe6 fxe6 13. Rxb7 Ne5 14. Qh3 Nfg4 15. Be2 Rc8 16. Rb3 Qa5 17. Bd2 h5 18. Rf1 Qc5 19. Bxa6 Ra8 20. Bb5+ Ke7 21. Bg5+ Nf6 22. Qh4 Ned7 23. Kd1 Qd4+ 24. Kc1 Rb8 25. e5 dxe5 26. Rd1 Qxh4 27. Rxd7+ 1-0

[Event "Titled Tuesday intern op 27th Dec Early"]
[Site "Chess.com INT"]
[Date "2022.12.27"]
[Round "5"]
[White "Zozik, Salah Mohammed"]
[Black "Larina, Marija"]
[Result "1-0"]
[WhiteElo "2191"]
[BlackElo "1948"]
[PlyCount "95"]
[EventDate "2022.12.27"]
[EventType "swiss (blitz)"]
[EventRounds "11"]
[EventCountry "USA"]
[SourceTitle "EXT 2024"]
[Source "ChessBase"]
[SourceDate "2023.10.10"]
[SourceVersion "1"]
[SourceVersionDate "2023.10.10"]
[SourceQuality "1"]

1. d4 f5 2. Nf3 Nf6 3. g3 g6 4. Bg2 Bg7 5. 0-0 0-0 6. c4 d6 7. Nc3 Nc6 8. d5 Na5 9. Qd3 e5 10. dxe6 Bxe6 11. b3 Nc6 12. Bb2 Ne4 13. Rfd1 Nb4 14. Qe3 Nc2 15. Qd3 Nxa1 16. Bxa1 Nxc3 17. Bxc3 Bxc3 18. Qxc3 c6 19. h4 Qe7 20. h5 Rad8 21. h6 Qf6 22. Qb4 Bc8 23. Qa5 a6 24. Qc7 Qf7 25. Qb6 Qe7 26. e3 g5 27. Qd4 f4 28. exf4 gxf4 29. Re1 Qf6 30. Qxf6 Rxf6 31. gxf4 Rxf4 32. Re7 Rf7 33. Re3 Bg4 34. Nd4 Rdf8 35. Rg3 Kh8 36. Rxg4 Rxf2 37. Ne6 Re8 38. Kxf2 Rxe6 39. Rh4 Rf6+ 40. Bf3 Kg8 41. Ke3 Kf7 42. Be4 Re6 43. Kd4 c5+ 44. Kd3 Rf6 45. Bxh7 Rf3+ 46. Ke2 Rg3 47. Be4 Rc3 48. h7 1-0

[Event "Baghdad op 6th"]
[Site "Baghdad"]
[Date "2018.03.18"]
[Round "8"]
[White "Zozik, Salah Mohammed"]
[Black "Kadhim, Najeeb"]
[Result "0-1"]
[WhiteElo "2252"]
[BlackElo "2078"]
[PlyCount "88"]
[EventDate "2018.03.14"]
[EventType "swiss"]
[EventRounds "9"]
[EventCountry "IRQ"]
[SourceTitle "CBM 183 Extra"]
[Source "ChessBase"]
[SourceDate "2018.04.19"]
[SourceVersion "1"]
[SourceVersionDate "2018.04.19"]
[SourceQuality "1"]

1. d4 Nf6 2. Nf3 e6 3. g3 b6 4. Bg2 Bb7 5. 0-0 c5 6. c4 cxd4 7. Nxd4 Bxg2 8. Kxg2 Be7 9. Nc3 Nc6 10. Ndb5 0-0 11. Bf4 a6 12. Nd4 Qc8 13. e4 Qb7 14. f3 Rfd8 15. Nde2 d6 16. a4 Nd7 17. Rb1 Rac8 18. Be3 Nce5 19. b3 Nc5 20. Qd2 Qc6 21. Bg5 Ng6 22. h4 Qe8 23. h5 Ne5 24. Bxe7 Qxe7 25. Nd4 h6 26. Rfd1 Qf6 27. Qe3 Kh7 28. Nde2 Nc6 29. f4 Nb4 30. Rd2 Qe7 31. Qf3 Qb7 32. f5 Nc6 33. Nd4 Ne5 34. Qe3 Re8 35. fxe6 fxe6 36. Nf3 Nf7 37. Kh2 Nd7 38. Rbd1 Rc5 39. g4 Nde5 40. Nxe5 Rxe5 41. Qf4 Qe7 42. Kg3 Rg5 43. Rg1 Ne5 44. Kh3 Rf8 0-1

[Event "Baghdad op 6th"]
[Site "Baghdad"]
[Date "2018.03.16"]
[Round "5"]
[White "Taleb, Salem Hatam"]
[Black "Zozik, Salah Mohammed"]
[Result "0-1"]
[WhiteElo "2054"]
[BlackElo "2252"]
[PlyCount "94"]
[EventDate "2018.03.14"]
[EventType "swiss"]
[EventRounds "9"]
[EventCountry "IRQ"]
[SourceTitle "CBM 183 Extra"]
[Source "ChessBase"]
[SourceDate "2018.04.19"]
[SourceVersion "1"]
[SourceVersionDate "2018.04.19"]
[SourceQuality "1"]

1. c4 e6 2. g3 d5 3. Bg2 dxc4 4. Qa4+ c6 5. Qxc4 b5 6. Qc2 Bb7 7. Nc3 a6 8. a4 b4 9. Ne4 Nd7 10. d3 Ngf6 11. Nh3 Be7 12. 0-0 0-0 13. Nd2 Ne5 14. Nb3 Nd5 15. d4 Nd7 16. Rd1 a5 17. e4 N5f6 18. Nf4 Rc8 19. Nd3 Qb6 20. Ndc5 Nxc5 21. dxc5 Qc7 22. h3 Rcd8 23. Be3 Ba6 24. e5 Nd5 25. Bd4 Rd7 26. Rd2 Rfd8 27. Rad1 Bg5 28. f4 Nxf4 29. gxf4 Bxf4 30. Re2 Bxe2 31. Qxe2 Bxe5 32. Bxe5 Rxd1+ 33. Kh2 Qd7 34. Bd6 Rxd6 35. cxd6 Qxd6+ 36. Kg1 Qd1+ 37. Qxd1 Rxd1+ 38. Bf1 Rb1 39. Nxa5 Rxb2 40. Bc4 Rc2 41. Kf1 Kf8 42. Ke1 Ke8 43. Kd1 Rc3 44. h4 Kd7 45. Kd2 Kc7 46. Bd3 e5 47. Bxh7 Kb6 0-1

[Event "Baghdad op 6th"]
[Site "Baghdad"]
[Date "2018.03.16"]
[Round "4"]
[White "Zozik, Salah Mohammed"]
[Black "Poormosavi, Seyed Kian"]
[Result "1-0"]
[WhiteElo "2252"]
[BlackElo "2099"]
[PlyCount "62"]
[EventDate "2018.03.14"]
[EventType "swiss"]
[EventRounds "9"]
[EventCountry "IRQ"]
[SourceTitle "CBM 183 Extra"]
[Source "ChessBase"]
[SourceDate "2018.04.19"]
[SourceVersion "1"]
[SourceVersionDate "2018.04.19"]
[SourceQuality "1"]

1. d4 Nf6 2. c4 e6 3. g3 d5 4. Nf3 b6 5. Bg2 Be7 6. 0-0 0-0 7. Nc3 Bb7 8. Ne5 Qc8 9. cxd5 exd5 10. Bg5 Qe6 11. Qb3 Rd8 12. f4 Na6 13. f5 Qd6 14. a3 Re8 15. Bf4 Qd8 16. g4 c5 17. e3 cxd4 18. exd4 Bd6 19. h3 Nc5 20. Qa2 Bxe5 21. dxe5 Nfe4 22. Rad1 Nxc3 23. bxc3 Qh4 24. Kh2 Ne4 25. Bxe4 dxe4 26. Rd7 Re7 27. Rfd1 Rae8 28. Bg3 Qg5 29. h4 Qxg4 30. Rxe7 Rf8 31. Rd8 Re8 1-0

[Event "IRQ-ch"]
[Site "Baghdad"]
[Date "2017.08.11"]
[Round "2"]
[White "Zozik, Salah Mohammed"]
[Black "Noah, AH Al Ali"]
[Result "1/2-1/2"]
[WhiteElo "2261"]
[BlackElo "2303"]
[PlyCount "66"]
[EventDate "2017.08.10"]
[EventType "swiss"]
[EventRounds "11"]
[EventCountry "IRQ"]
[SourceTitle "CBM 180 Extra"]
[Source "ChessBase"]
[SourceDate "2017.10.06"]
[SourceVersion "1"]
[SourceVersionDate "2017.10.06"]
[SourceQuality "1"]

1. d4 d5 2. c4 c6 3. cxd5 cxd5 4. Nc3 Nf6 5. Nf3 Nc6 6. Bf4 Bf5 7. e3 e6 8. Bd3 Bxd3 9. Qxd3 Bd6 10. Bxd6 Qxd6 11. 0-0 0-0 12. Rfc1 Rfc8 13. a3 a6 14. Ne2 Ne7 15. Rc3 Rxc3 16. Nxc3 Rc8 17. Rc1 Rc7 18. Ne2 Kf8 19. Rxc7 Qxc7 20. Qc3 Qxc3 21. Nxc3 Nc6 22. Kf1 Ke7 23. Ke2 Nd7 24. Kd3 h6 25. h3 b6 26. Nd2 b5 27. b4 f5 28. f4 Kd6 29. Nf3 Nf6 30. Nd2 Nd7 31. Nf3 Nf6 32. Nd2 Nd7 33. Nf3 Nf6 1/2-1/2